[Event "Mondiale Semilampo FIDE 2024"]
[Site "New York"]
[Date "28.12.2024"]
[Round "12.18"]
[White "Naroditsky, Daniel"]
[Black "Muradli, Mahammad"]
[Result "0-1"]
[WhiteTitle "GM"]
[BlackTitle "GM"]
[WhiteElo "2619"]
[BlackElo "2588"]
[WhiteFideId "2026961"]
[BlackFideId "13409301"]
[EventDate "26.12.2024"]

1. e4 c5 2. Nf3 d6 3. Bb5+ Bd7 4. a4 a6 5. Bxd7+ Nxd7 6. a5 e6 7. O-O Ne7 8. d4
cxd4 9. Nxd4 Rc8 10. b3 Nf6 11. Re1 Nc6 12. Nxc6 Rxc6 13. c4 Be7 14. Nc3 b6 15.
Qf3 Qc8 16. Nd5 exd5 17. exd5 Rc7 18. axb6 Rb7 19. Rxa6 O-O 20. Bb2 Bd8 21. Qg3
Re8 22. Rxe8+ Nxe8 23. Bd4 Re7 24. Ra1 Qb7 25. b4 Bxb6 26. c5 Qxd5 27. Bxg7 Nxg7
28. cxb6 h5 29. h4 Qd4 30. Rc1 Qxb4 31. Qg5 Re8 32. Rc6 Kh7 33. Rc7 Re5 34. Qg3
Qb1+ 35. Kh2 Re1 36. Qc3 Rh1+ 37. Kg3 Qe4 38. f4 Nf5+ 39. Kf2 Qxf4+ 40. Ke2 Qf1+ 0-1

[Event "Mondiale Semilampo FIDE 2024"]
[Site "New York"]
[Date "28.12.2024"]
[Round "12.19"]
[White "Vachier-Lagrave, Maxime"]
[Black "Bu, Xiangzhi"]
[Result "1/2-1/2"]
[WhiteTitle "GM"]
[BlackTitle "GM"]
[WhiteElo "2731"]
[BlackElo "2684"]
[WhiteFideId "623539"]
[BlackFideId "8601445"]
[EventDate "26.12.2024"]

1. e4 e5 2. Nf3 Nf6 3. Nxe5 d6 4. Nf3 Nxe4 5. d4 d5 6. Bd3 Bd6 7. O-O O-O 8. c4
c6 9. Nc3 Nxc3 10. bxc3 dxc4 11. Bxc4 Bf5 12. Bg5 Qa5 13. Nh4 Be6 14. Bxe6 Qxg5
15. Nf3 Qa5 16. Bh3 Qxc3 17. Rb1 b6 18. Qe2 Qa5 19. d5 cxd5 20. Rb5 Qa4 21. Rxd5
Bc5 22. Ng5 Qh4 23. Nxh7 Rd8 24. Be6 Rxd5 25. Bxd5 Nc6 26. Bxc6 Rd8 27. Be4 Re8
28. g4 g6 29. Qf3 Qxh7 30. Rd1 Qh4 31. Bd5 Re7 32. Bb3 Kg7 33. Kg2 Qf6 34. Rd5
Qxf3+ 35. Kxf3 Re1 36. h4 a5 37. g5 Kf8 38. Rd7 Re7 39. Rd8+ Re8 40. Rd2 Kg7 41.
a4 Re1 42. Rd7 Re7 43. Rd1 Re5 44. Bc2 Re6 45. Bb3 Re5 46. Rd2 Re1 47. Bc4 Rc1
48. Bb5 Rh1 49. Kg3 Rg1+ 50. Kh2 Rg4 51. Kh3 Rd4 52. Re2 Rf4 53. Kg3 Bd6 54. Kh3
Bc5 55. Kg3 Bd6 1/2-1/2

[Event "Mondiale Semilampo FIDE 2024"]
[Site "New York"]
[Date "28.12.2024"]
[Round "12.21"]
[White "So, Wesley"]
[Black "Antipov, Mikhail Al."]
[Result "1/2-1/2"]
[WhiteTitle "GM"]
[BlackTitle "GM"]
[WhiteElo "2747"]
[BlackElo "2594"]
[WhiteFideId "5202213"]
[BlackFideId "4107012"]
[EventDate "26.12.2024"]

1. c4 c5 2. g3 g6 3. Bg2 Bg7 4. Nc3 Nc6 5. Nf3 d6 6. O-O Be6 7. d3 Qc8 8. Qd2
Bh3 9. b3 Bxg2 10. Kxg2 e5 11. Rb1 f5 12. Ba3 Nf6 13. b4 b6 14. bxc5 dxc5 15. e4
O-O 16. Bb2 Qe6 17. exf5 Qxf5 18. Nh4 Qd7 19. Nf3 Rad8 20. Rbd1 Qb7 21. Ng5 Nb4+
22. f3 Rxd3 23. Qe2 Rxd1 24. Rxd1 Nc6 25. Nd5 Nd4 26. Bxd4 cxd4 27. Qxe5 Nxd5
28. Qe6+ Kh8 29. cxd5 Qc7 30. Rf1 Qc2+ 31. Rf2 Qf5 32. f4 h6 33. g4 Qd3 34. Nf7+
Rxf7 35. Qxf7 Qe4+ 36. Kg3 Qe3+ 37. Kg2 Qe4+ 38. Kg3 Qe3+ 39. Rf3 Qe1+ 40. Kh3
Qe2 41. Kg3 Qe1+ 42. Kh3 Qe2 43. Kg3 1/2-1/2

[Event "Mondiale Semilampo FIDE 2024"]
[Site "New York"]
[Date "28.12.2024"]
[Round "12.22"]
[White "Xiong, Jeffery"]
[Black "Pichot, Alan"]
[Result "1-0"]
[WhiteTitle "GM"]
[BlackTitle "GM"]
[WhiteElo "2636"]
[BlackElo "2637"]
[WhiteFideId "2047640"]
[BlackFideId "110973"]
[EventDate "26.12.2024"]

1. d4 Nf6 2. c4 e6 3. Nc3 Bb4 4. Nf3 b6 5. e3 Bb7 6. Bd3 O-O 7. O-O d5 8. cxd5
exd5 9. Ne5 Bd6 10. f4 c5 11. Qf3 Nc6 12. Qh3 Ne7 13. Nd7 Ne4 14. Nxf8 Qxf8 15.
f5 f6 16. Nxe4 dxe4 17. Bc4+ Kh8 18. dxc5 Bxc5 19. Bd2 Rd8 20. b4 Rxd2 21. bxc5
Nc6 22. cxb6 Ne5 23. Bb3 axb6 24. Rac1 Qd8 25. Qg3 h6 26. h3 Bd5 27. Bxd5 Rxd5
28. Qh4 Nd3 29. Rc6 Nc5 30. Qg3 Re5 31. Qg4 Nd3 32. Rb1 b5 33. a3 Qd7 34. Re6
Qd5 35. Qg6 Qc5 36. Kh2 Qxe3 37. Re8+ Rxe8 38. Qxe8+ Kh7 39. Qg6+ Kg8 40. Rxb5
Qa7 41. Qg3 Ne5 42. Qb3+ Kh7 43. Rb8 Nf3+ 44. Kg3 Qc7+ 45. Kg4 Ne5+ 46. Kh5 Nc4
47. g4 e3 48. Kh4 e2 49. Re8 Qc5 50. Rxe2 Ne5 51. Qe3 Qd6 52. Kg3 Nc4+ 53. Qf4
Qxa3+ 54. Kg2 Ne5 55. h4 Nd3 56. Qf3 Qd6 57. Re4 Ne5 58. Qe2 Qd5 59. g5 fxg5 60.
hxg5 Kg8 61. Kg3 Nd7 62. Re8+ Nf8 63. Qe6+ 1-0

[Event "Mondiale Semilampo FIDE 2024"]
[Site "New York"]
[Date "28.12.2024"]
[Round "12.23"]
[White "Ivanchuk, Vasyl"]
[Black "Dardha, Daniel"]
[Result "1/2-1/2"]
[WhiteTitle "GM"]
[BlackTitle "GM"]
[WhiteElo "2630"]
[BlackElo "2639"]
[WhiteFideId "14100010"]
[BlackFideId "240990"]
[EventDate "26.12.2024"]

1. e4 c5 2. Nf3 Nc6 3. d4 cxd4 4. Nxd4 Nf6 5. Nc3 e5 6. Ndb5 d6 7. Nd5 Nxd5 8.
exd5 Nb8 9. c4 Be7 10. Bd3 O-O 11. O-O Nd7 12. Kh1 a6 13. Nc3 f5 14. f3 a5 15.
a3 Nc5 16. Bc2 Bd7 17. Rb1 a4 18. Be3 Rc8 19. Qe2 Qa5 20. g4 Nb3 21. gxf5 Bxf5
22. Bxf5 Rxf5 23. Rg1 Qc7 24. Nxa4 Rf7 25. Rg4 Bf6 26. Nc3 Nd4 27. Bxd4 exd4 28.
Nb5 Qxc4 29. Qxc4 Rxc4 30. Nxd6 Rc5 31. Nxf7 Kxf7 32. Rd1 Rxd5 33. Re4 Kg6 34.
Kg2 Kf5 35. Kf1 g5 36. Ke2 Rb5 37. b4 Rb6 38. Rd3 Rc6 39. Kd1 h5 40. Re2 b5 41.
Re8 Be5 42. Rf8+ Ke6 43. h3 Rc4 44. Rd8 Rc6 45. Rd2 Rc3 46. Re2 Kf6 47. Rf8+ Kg7
48. Rxe5 Kxf8 49. Rxb5 Rxf3 50. Rxg5 Rxh3 51. b5 Rxa3 52. Rxh5 Ke7 53. Rd5 Rb3
54. Rxd4 Rxb5 1/2-1/2

[Event "Mondiale Semilampo FIDE 2024"]
[Site "New York"]
[Date "28.12.2024"]
[Round "12.24"]
[White "Paravyan, David"]
[Black "Salem, A.R. Saleh"]
[Result "0-1"]
[WhiteTitle "GM"]
[BlackTitle "GM"]
[WhiteElo "2620"]
[BlackElo "2622"]
[WhiteFideId "4194985"]
[BlackFideId "9301348"]
[EventDate "26.12.2024"]

1. e4 c5 2. Nf3 d6 3. d4 cxd4 4. Nxd4 Nf6 5. Nc3 a6 6. f3 e5 7. Nb3 Be6 8. Be3
h5 9. Be2 Nbd7 10. O-O Be7 11. a4 Rc8 12. a5 h4 13. Qd2 Qc7 14. Rfd1 Nf8 15. Nc1
Ng6 16. Nd3 Nh5 17. Bf1 Ngf4 18. Nb4 Nf6 19. Bb6 Qb8 20. Rac1 Rh6 21. Ncd5 Bxd5
22. exd5 Rg6 23. Kh1 N6h5 24. Nd3 Bg5 25. Be3 Kd7 26. Qb4 Ng3+ 27. hxg3 hxg3 28.
Qa4+ Ke7 29. Nxf4 Bxf4 30. Bxf4 Rh8+ 31. Kg1 Rh1+ 32. Kxh1 Qh8+ 33. Kg1 Qh2# 0-1

[Event "Mondiale Semilampo FIDE 2024"]
[Site "New York"]
[Date "28.12.2024"]
[Round "12.25"]
[White "Durarbayli, Vasif"]
[Black "Anton Guijarro, David"]
[Result "1/2-1/2"]
[WhiteTitle "GM"]
[BlackTitle "GM"]
[WhiteElo "2622"]
[BlackElo "2673"]
[WhiteFideId "13402935"]
[BlackFideId "2285525"]
[EventDate "26.12.2024"]

1. e4 c6 2. d4 d5 3. exd5 cxd5 4. c4 Nf6 5. Nc3 g6 6. Qb3 Bg7 7. cxd5 O-O 8. Be2
Qb6 9. Qxb6 axb6 10. Bf3 Rd8 11. Bf4 Na6 12. Nge2 Nb4 13. Bc7 Rd7 14. Bxb6 Nc2+
15. Kd2 Nxa1 16. Rxa1 Ra6 17. Bc5 b6 18. Bb4 Bb7 19. Re1 Ra7 20. Nb5 Rxa2 21.
Ba3 Nxd5 22. Kc2 Nc7 23. Nbc3 Rxa3 24. bxa3 Bxf3 25. gxf3 Ne6 26. d5 Nd4+ 27.
Nxd4 Bxd4 28. Rd1 Bxf2 29. Kb3 Kg7 30. a4 f5 31. Rd2 Be3 32. Re2 f4 33. Kc4 Rc7+
34. Kd3 Kf6 35. Nd1 Ke5 36. Nxe3 fxe3 37. Kxe3 Kxd5 38. Kf2 Ra7 39. Re4 e5 40.
Kg3 Ra5 41. Rb4 Kc6 42. Rh4 h5 43. Re4 Rd5 44. Rc4+ Kb7 45. Re4 Rd4 46. Rxe5 h4+
47. Kh3 Rxa4 48. Rg5 Rf4 49. Rxg6 b5 50. Kg2 b4 51. Kf2 b3 52. Ke3 Rc4 53. Rg1
Rc2 54. h3 b2 55. Rb1 Kc6 56. Kd3 Rh2 57. Kc3 Kd5 58. Rxb2 Rxh3 59. Rb5+ Ke6 60.
Kd3 Rxf3+ 61. Ke4 Ra3 62. Rb6+ Kf7 63. Kf4 h3 64. Kg4 h2 1/2-1/2

[Event "Mondiale Semilampo FIDE 2024"]
[Site "New York"]
[Date "28.12.2024"]
[Round "12.26"]
[White "Gelfand, Boris"]
[Black "Aravindh, Chithambaram VR."]
[Result "1/2-1/2"]
[WhiteTitle "GM"]
[BlackTitle "GM"]
[WhiteElo "2657"]
[BlackElo "2718"]
[WhiteFideId "2805677"]
[BlackFideId "5072786"]
[EventDate "26.12.2024"]

1. Nf3 d5 2. g3 g6 3. Bg2 Bg7 4. d4 Nf6 5. O-O O-O 6. c4 c6 7. Qa4 a5 8. Nc3 e6
9. Bf4 Nbd7 10. c5 b5 11. Qc2 b4 12. Na4 Ba6 13. a3 Ne4 14. Ne5 Nxe5 15. Bxe5 b3
16. Qd1 f6 17. Bf4 e5 18. Be3 f5 19. dxe5 Bxe5 20. Qxb3 Rb8 21. Nb6 Qe7 22. Qc2
f4 23. gxf4 Bxf4 24. Bxf4 Rxf4 25. b4 Nxf2 26. Nxd5 cxd5 27. Bxd5+ Kf8 28. Qc3
Qg5+ 29. Bg2 Re8 30. Qg3 Rg4 31. Rxf2+ Kg7 32. Qc3+ Kh6 33. Kh1 Rxe2 34. Rxe2
Bxe2 35. Rg1 axb4 36. axb4 Bb5 37. c6 Rc4 38. Qg3 Rg4 39. Qc3 Rc4 40. Qg3 Rg4
41. Qc3 1/2-1/2

[Event "Mondiale Semilampo FIDE 2024"]
[Site "New York"]
[Date "28.12.2024"]
[Round "12.27"]
[White "Pranav, V"]
[Black "Meier, Georg"]
[Result "1-0"]
[WhiteTitle "GM"]
[BlackTitle "GM"]
[WhiteElo "2621"]
[BlackElo "2599"]
[WhiteFideId "25060783"]
[BlackFideId "4675789"]
[EventDate "26.12.2024"]

1. e4 e6 2. d4 d5 3. Nd2 dxe4 4. Nxe4 Nd7 5. Nf3 Ngf6 6. Bd3 c5 7. Nxf6+ Nxf6 8.
dxc5 Bxc5 9. O-O O-O 10. Bg5 h6 11. Bh4 b6 12. Qe2 Bb7 13. Rad1 Qc7 14. c3 Rfd8
15. Rfe1 Qf4 16. Bg3 Qg4 17. b4 Be7 18. Ba6 Bc6 19. a3 Ne4 20. Rxd8+ Rxd8 21.
Qc4 Ba8 22. Qc7 Bf6 23. Ne5 Qf5 24. Qxf7+ Kh7 25. Bc4 Nxg3 26. hxg3 Rd2 27. Ng4
Bxc3 28. Bxe6 Qxf7 29. Bxf7 Rd7 30. Be6 Bxe1 31. Bxd7 Kg8 32. Ne3 Kf7 33. Kf1
Bc3 34. f3 Ke7 35. Bb5 Bb7 36. Ke2 Bb2 37. Nc4 Bd4 38. Kd3 Bf2 39. Ne3 Kf6 1-0

[Event "Mondiale Semilampo FIDE 2024"]
[Site "New York"]
[Date "28.12.2024"]
[Round "12.28"]
[White "Safarli, Eltaj"]
[Black "Chasin, Nico"]
[Result "1-0"]
[WhiteTitle "GM"]
[BlackTitle "IM"]
[WhiteElo "2610"]
[BlackElo "2417"]
[WhiteFideId "13402129"]
[BlackFideId "30908477"]
[EventDate "26.12.2024"]

1. e4 c5 2. Nf3 e6 3. Nc3 Nc6 4. Bb5 Nd4 5. O-O a6 6. Bd3 Nc6 7. e5 d6 8. exd6
Nf6 9. Re1 Bxd6 10. Ne4 Be7 11. Nxf6+ Bxf6 12. Be4 Qd6 13. c3 O-O 14. d3 h6 15.
Be3 Rd8 16. Nd2 b6 17. Nc4 Qc7 18. Qf3 Bb7 19. Bf4 e5 20. Bxh6 Rab8 21. Qf5 Ne7
22. Qh7+ Kf8 23. Be3 Bc8 24. a4 Be6 25. a5 b5 26. Nb6 g6 27. Bh6+ Ke8 28. Bg7
Bxg7 29. Qxg7 Nc8 30. Bxg6 Nxb6 31. Rxe5 Qe7 32. Rxe6 Qxe6 33. Bxf7+ 1-0

[Event "Mondiale Semilampo FIDE 2024"]
[Site "New York"]
[Date "28.12.2024"]
[Round "12.29"]
[White "Sargsyan, Shant"]
[Black "Ansat, Aldiyar"]
[Result "1/2-1/2"]
[WhiteTitle "GM"]
[BlackTitle "IM"]
[WhiteElo "2646"]
[BlackElo "2479"]
[WhiteFideId "13306766"]
[BlackFideId "13715658"]
[EventDate "26.12.2024"]

1. Nf3 Nf6 2. c4 c5 3. g3 g6 4. Nc3 Bg7 5. d4 cxd4 6. Nxd4 d5 7. cxd5 Nxd5 8.
Ndb5 Nxc3 9. Qxd8+ Kxd8 10. Nxc3 Nc6 11. Bg2 Bxc3+ 12. bxc3 Kc7 13. a4 e5 14. a5
Be6 15. f4 Rhd8 16. fxe5 Bd5 17. O-O Nxe5 18. Bg5 Rd6 19. Be7 Rd7 20. Bf6 Ng4
21. Bxd5 Rxd5 22. Bd4 f5 23. e4 fxe4 24. Rf7+ Rd7 25. Rf4 Nh6 26. Rxe4 Nf5 27.
Bf2 Nd6 28. Re5 Nf7 29. Rc5+ Kd8 30. Bd4 a6 31. Re1 Rd6 32. Rc4 Kd7 33. Bb6 Rc6
34. Rce4 Ng5 35. Re7+ Kd6 36. R7e3 Kd7 37. c4 Re6 38. Kg2 Rxe3 39. Bxe3 Ne6 40.
Rb1 Kc7 41. Rb6 Re8 42. h4 Nd8 43. Bf4+ Kc8 44. Rf6 Nc6 45. c5 Rd8 46. Rf7 Rd7
47. Rf8+ Rd8 48. Rf7 Rd7 49. Rf8+ Rd8 1/2-1/2

[Event "Mondiale Semilampo FIDE 2024"]
[Site "New York"]
[Date "28.12.2024"]
[Round "12.30"]
[White "Oparin, Grigoriy"]
[Black "Hakobyan, Aram"]
[Result "1/2-1/2"]
[WhiteTitle "GM"]
[BlackTitle "GM"]
[WhiteElo "2653"]
[BlackElo "2625"]
[WhiteFideId "24125890"]
[BlackFideId "13306677"]
[EventDate "26.12.2024"]

1. e4 c5 2. Nf3 d6 3. d4 cxd4 4. Nxd4 Nf6 5. Nc3 a6 6. Be2 e5 7. Nb3 Be7 8. Qd3
O-O 9. O-O Be6 10. Bd2 Nc6 11. Nd5 Bxd5 12. exd5 e4 13. Qe3 Nxd5 14. Qxe4 Nf6
15. Qf3 d5 16. Rad1 Ne5 17. Qh3 Qc7 18. Bc3 Rfe8 19. Rfe1 Bd6 20. Bd3 Nxd3 21.
cxd3 Be5 22. Nd4 Bxd4 23. Bxd4 Rxe1+ 24. Rxe1 Re8 25. Rxe8+ Nxe8 26. Qe3 Qd7 27.
h3 f6 28. Bc3 Nc7 29. Qb6 Ne6 30. Bd2 Kf7 31. Kf1 h5 32. b3 g5 33. Ke1 Kg6 34.
Kd1 d4 35. Qa5 Qc6 36. f3 h4 37. Qb4 Qd7 38. Qc4 Kf5 39. Qb4 Qc7 40. Qc4 Qc6 41.
Qxc6 bxc6 42. Ke2 c5 43. Kf1 Ke5 44. Ke2 Nf4+ 45. Bxf4+ Kxf4 46. Kf2 f5 47. Ke2
Kg3 48. Kf1 g4 49. fxg4 fxg4 50. hxg4 Kxg4 51. Kf2 Kf4 52. Ke2 a5 53. Kf2 Kg4
54. Ke2 Kg3 55. Kf1 Kg4 56. Ke2 Kg3 57. Kf1 1/2-1/2

[Event "Mondiale Semilampo FIDE 2024"]
[Site "New York"]
[Date "28.12.2024"]
[Round "12.31"]
[White "Lu, Shanglei"]
[Black "Nesterov, Arseniy"]
[Result "0-1"]
[WhiteTitle "GM"]
[BlackTitle "GM"]
[WhiteElo "2609"]
[BlackElo "2599"]
[WhiteFideId "8603332"]
[BlackFideId "24198455"]
[EventDate "26.12.2024"]

1. e4 e5 2. Bc4 Nf6 3. d3 c6 4. Nf3 d5 5. Bb3 a5 6. a4 Bd6 7. exd5 cxd5 8. Bg5
Be6 9. O-O Nc6 10. Nc3 Bb8 11. Re1 O-O 12. Nb5 Ra6 13. Bh4 h6 14. c4 dxc4 15.
Bxc4 Bxc4 16. dxc4 Qxd1 17. Raxd1 Nh7 18. Rd7 f5 19. Be7 Rf7 20. Red1 Nxe7 21.
Rxb7 Nc6 22. Rxf7 Kxf7 23. Rd7+ Kf6 24. Rb7 e4 25. Nd2 Be5 26. Nb3 Nd8 27. Rd7
Ne6 28. g4 fxg4 29. Nd2 Nhg5 30. Kf1 Bxb2 31. Nb3 Be5 32. c5 Rc6 33. Rd5 Nf4 34.
Rd7 Nge6 35. Ra7 Nxc5 36. Nxa5 Rc8 37. Nc4 Nb3 38. Ra6+ Kg5 0-1

[Event "Mondiale Semilampo FIDE 2024"]
[Site "New York"]
[Date "28.12.2024"]
[Round "12.32"]
[White "Andriasian, Zaven"]
[Black "Jumabayev, Rinat"]
[Result "1/2-1/2"]
[WhiteTitle "GM"]
[BlackTitle "GM"]
[WhiteElo "2554"]
[BlackElo "2573"]
[WhiteFideId "13302000"]
[BlackFideId "13702661"]
[EventDate "26.12.2024"]

1. e4 c5 2. Nf3 e6 3. d4 cxd4 4. Nxd4 a6 5. Bd3 Bc5 6. Nb3 Ba7 7. Nc3 Nc6 8. Qe2
Nge7 9. Be3 b5 10. O-O O-O 11. Rad1 Qc7 12. a3 Ng6 13. Kh1 Nf4 14. Qd2 Bb8 15.
g3 Nxd3 16. cxd3 f5 17. f3 Ne5 18. Bf4 d6 19. Qe2 Qf7 20. Rc1 Bc7 21. Bxe5 dxe5
22. Nc5 Bd6 23. b4 Bxc5 24. bxc5 Bb7 25. exf5 exf5 26. Qxe5 Rad8 27. Qe2 Rfe8
28. Qd2 Qd7 29. Kg2 Qxd3 30. Qf2 Bc6 31. Rfd1 Qc4 32. Nd5 Qe2 33. Qxe2 Rxe2+ 34.
Kf1 Rde8 35. Kg1 Rb2 36. h4 Ree2 37. Nf4 Red2 38. Rxd2 Rxd2 39. Rc3 a5 40. Nd3
Re2 41. Nc1 Rb2 42. Nd3 Re2 43. Nc1 Rb2 44. Nd3 Re2 45. Nc1 1/2-1/2

[Event "Mondiale Semilampo FIDE 2024"]
[Site "New York"]
[Date "28.12.2024"]
[Round "12.33"]
[White "Ibarra Jerez, Jose Carlos"]
[Black "Lenderman, Aleksandr"]
[Result "1/2-1/2"]
[WhiteTitle "GM"]
[BlackTitle "GM"]
[WhiteElo "2556"]
[BlackElo "2480"]
[WhiteFideId "2226332"]
[BlackFideId "2021285"]
[EventDate "26.12.2024"]

1. e4 e6 2. d4 d5 3. Nc3 dxe4 4. Nxe4 Nd7 5. Bd3 c5 6. dxc5 Nxc5 7. Nxc5 Bxc5 8.
Qg4 Nf6 9. Qh4 Bd7 10. Nf3 Bc6 11. Bg5 Bxf3 12. gxf3 Qd4 13. Bxf6 gxf6 14. Qxd4
Bxd4 15. c3 Be5 16. Bb5+ Ke7 17. Rd1 a6 18. Bd3 b5 19. a3 Rab8 20. h3 a5 21. Rd2
f5 22. Ke2 Rhg8 23. Re1 Kf6 24. Kf1 Rg6 25. Ke2 Rh6 26. Rh1 Rh4 27. Rc2 b4 28.
axb4 axb4 29. c4 b3 30. Rd2 Ra8 31. c5 Rc8 32. Rc1 Rxh3 33. Ba6 Rc7 34. Rc4 f4
35. Rd3 Bxb2 36. Rxf4+ Ke7 37. Rxb3 Be5 38. Rc4 Ra7 39. Rb7+ Rxb7 40. Bxb7 Bc7
41. Be4 f5 42. Bc2 Rh2 43. Kf1 Rh1+ 44. Kg2 Rc1 45. Bd3 Rd1 46. Be2 Rd2 47. Kf1
Kf6 48. Rb4 Be5 49. f4 Bc7 50. Rc4 h6 51. Bf3 1/2-1/2

[Event "Mondiale Semilampo FIDE 2024"]
[Site "New York"]
[Date "28.12.2024"]
[Round "12.34"]
[White "Bluebaum, Matthias"]
[Black "Chirila, Ioan-Cristian"]
[Result "1-0"]
[WhiteTitle "GM"]
[BlackTitle "GM"]
[WhiteElo "2650"]
[BlackElo "2530"]
[WhiteFideId "24651516"]
[BlackFideId "1211668"]
[EventDate "26.12.2024"]

1. d4 Nf6 2. c4 e6 3. Nc3 d5 4. cxd5 exd5 5. Bg5 c6 6. e3 Nbd7 7. Bd3 Be7 8. h3
O-O 9. Qc2 Re8 10. Nf3 h6 11. Bf4 a6 12. O-O c5 13. dxc5 Nxc5 14. Rfd1 Bd6 15.
Nxd5 Nxd3 16. Qxd3 Bxf4 17. Nxf4 Qb6 18. Qd4 Qa5 19. Qd2 Qb6 20. Rac1 Bf5 21.
Qd4 Qxd4 22. Nxd4 Be4 23. a3 Rac8 24. f3 Rxc1 25. Rxc1 g5 26. Nfe2 Bd3 27. Kf2
Bxe2 28. Nxe2 Re6 29. Nd4 Rb6 30. b4 Kg7 31. e4 Nd7 32. Ke3 Kg6 33. Rc7 Ne5 34.
g3 Rd6 35. f4 gxf4+ 36. gxf4 Nc6 37. Nxc6 bxc6 38. e5 1-0

[Event "Mondiale Semilampo FIDE 2024"]
[Site "New York"]
[Date "28.12.2024"]
[Round "12.35"]
[White "Akobian, Varuzhan"]
[Black "Makarian, Rudik"]
[Result "1-0"]
[WhiteTitle "GM"]
[BlackTitle "IM"]
[WhiteElo "2564"]
[BlackElo "2547"]
[WhiteFideId "13300580"]
[BlackFideId "44105681"]
[EventDate "26.12.2024"]

1. d4 Nf6 2. c4 e6 3. Nf3 d5 4. Nc3 dxc4 5. Bg5 Bb4 6. e4 c5 7. Bxc4 cxd4 8.
Nxd4 Bd7 9. O-O Nc6 10. Nf3 h6 11. Bxf6 Qxf6 12. Nb5 Rc8 13. a3 Be7 14. Nd6+
Bxd6 15. Qxd6 Qe7 16. Qf4 Nd4 17. Nxd4 Rxc4 18. Qb8+ Qd8 19. Qxa7 O-O 20. b3 Rc7
21. Rfc1 Qc8 22. Ne2 Bb5 23. Rxc7 Qxc7 24. Rc1 Rd8 25. h3 Qe5 26. Nc3 Bc6 27.
Qe3 Qa5 28. Ra1 Kh7 29. b4 Qa6 30. Qc5 Qa8 31. b5 Be8 32. a4 Qa5 33. Rc1 f6 34.
e5 f5 35. Kh2 Bg6 36. Qe7 Qb6 37. Nd1 Qd4 38. Ne3 Qxe5+ 39. Kg1 Rd2 40. Qxb7 f4
41. Nc4 Qc5 42. Qf3 e5 43. Nxd2 Qxc1+ 44. Nf1 Qb1 45. b6 Be4 46. Qc3 Bd3 47. Kh2
Qxf1 48. Qxe5 f3 49. Qg3 fxg2 50. Qxg2 Qb1 51. a5 Be4 52. f3 Bb7 53. Qe2 Qf5 54.
a6 Bxf3 55. Qe3 Qc2+ 56. Kg3 Bd5 57. Kf4 Qc6 58. Qd4 g5+ 59. Ke3 Qc1+ 60. Kf2
Qc2+ 61. Ke3 Qg2 62. b7 Qg1+ 63. Kd3 Qd1+ 64. Ke3 Qe1+ 65. Kd3 Qf1+ 66. Kd2 Qg2+
67. Kc3 Be4 68. Qd7+ Kg6 69. Qd6+ Kf5 70. b8=Q Qc2+ 71. Kb4 Qb2+ 72. Ka5 Qa2+
73. Kb6 Qb3+ 74. Ka7 Qf7+ 75. Qbc7 h5 76. Qxf7# 1-0

[Event "Mondiale Semilampo FIDE 2024"]
[Site "New York"]
[Date "28.12.2024"]
[Round "12.36"]
[White "Svane, Frederik"]
[Black "Sadhwani, Raunak"]
[Result "0-1"]
[WhiteTitle "GM"]
[BlackTitle "GM"]
[WhiteElo "2668"]
[BlackElo "2673"]
[WhiteFideId "12923044"]
[BlackFideId "35093487"]
[EventDate "26.12.2024"]

1. e4 g6 2. d4 Bg7 3. Nf3 d6 4. Nc3 a6 5. a4 Nf6 6. Be2 O-O 7. O-O Nc6 8. Be3
Ng4 9. Bg5 h6 10. Bh4 g5 11. Bg3 Nf6 12. d5 Na7 13. Nd4 c5 14. dxc6 Nxc6 15.
Nxc6 bxc6 16. Qd2 a5 17. Rad1 Qb6 18. b3 Qb4 19. Qe3 Nd7 20. Nb1 Qc5 21. Qxc5
Nxc5 22. f3 f5 23. Bf2 Ne6 24. Bc4 fxe4 25. fxe4 Kh8 26. Bxe6 Bxe6 27. Bd4 Bxd4+
28. Rxd4 Rxf1+ 29. Kxf1 c5 30. Rd3 Kg7 31. Nd2 Kf6 32. Ke2 Ke5 33. Ke3 g4 34.
Nc4+ Bxc4 35. bxc4 e6 36. Rb3 Rf8 37. Rb5 Rf1 38. Rxa5 Rg1 39. Rb5 Rxg2 40. a5
Rxh2 41. Rb3 Rxc2 42. Ra3 g3 43. Ra1 g2 44. a6 Ra2 45. Rg1 Rxa6 0-1

[Event "Mondiale Semilampo FIDE 2024"]
[Site "New York"]
[Date "28.12.2024"]
[Round "12.37"]
[White "Ghosh, Diptayan"]
[Black "Shimanov, Aleksandr"]
[Result "0-1"]
[WhiteTitle "GM"]
[BlackTitle "GM"]
[WhiteElo "2569"]
[BlackElo "2593"]
[WhiteFideId "5045207"]
[BlackFideId "4198603"]
[EventDate "26.12.2024"]

1. Nf3 d5 2. g3 Nd7 3. d4 Nb6 4. Nc3 Bf5 5. Nh4 Bg4 6. Qd3 e6 7. e4 Be7 8. h3
Bh5 9. Ng2 Nf6 10. Nf4 Bg6 11. Nxg6 hxg6 12. Bg2 c6 13. h4 Nfd7 14. Ne2 dxe4 15.
Bxe4 Qc7 16. O-O O-O-O 17. Bg2 e5 18. Qb3 Rhf8 19. a4 exd4 20. a5 Nd5 21. a6 Nc5
22. axb7+ Qxb7 23. Qc4 Nb6 24. Qa2 Ne6 25. Bd2 Nd5 26. b4 Ndc7 27. b5 Qxb5 28.
Nf4 Rd6 29. Rfb1 Qf5 30. Qxa7 Kd7 31. Rb7 Rc8 32. Ba5 Bd8 33. Nd3 Ke8 34. Bb4
Rd5 35. Qb6 Nb5 36. Qa6 Nd6 37. Bxd5 Qxd5 38. Re1 Nxb7 39. Qxb7 Qd7 40. Qa6 Rb8
41. Nc5 Qd5 42. Ba3 Rb5 43. Qa7 Ra5 44. Rxe6+ fxe6 45. Qxg7 Rxc5 46. Qxg6+ Kd7
47. Bxc5 Qxc5 48. h5 Qe5 49. h6 Bf6 50. f4 Qf5 51. Qf7+ Kd6 52. h7 Kd5 53. Kf1
Kc4 54. Ke1 Kc3 55. Qd7 Qe4+ 56. Kf1 Qf3+ 0-1

[Event "Mondiale Semilampo FIDE 2024"]
[Site "New York"]
[Date "28.12.2024"]
[Round "12.38"]
[White "Tsaruk, Maksim"]
[Black "Rakhmanov, Aleksandr"]
[Result "0-1"]
[WhiteTitle "IM"]
[BlackTitle "GM"]
[WhiteElo "2424"]
[BlackElo "2585"]
[WhiteFideId "13511173"]
[BlackFideId "4173708"]
[EventDate "26.12.2024"]

1. e4 d5 2. exd5 Qxd5 3. Nc3 Qd6 4. d4 Nf6 5. Nf3 g6 6. Nb5 Qb6 7. a4 c6 8. Na3
Be6 9. Nc4 Bxc4 10. Bxc4 Qb4+ 11. Nd2 Bh6 12. Qe2 e6 13. c3 Qe7 14. b3 Nd5 15.
Ba3 Qd8 16. Ne4 Bf8 17. Bc1 Nd7 18. Bg5 N5f6 19. O-O Be7 20. Ng3 Nd5 21. Bd2 O-O
22. Rae1 a5 23. Ne4 Re8 24. f4 Bf8 25. g4 N7f6 26. Ng3 Bg7 27. Qf3 Nb6 28. f5
exf5 29. Rxe8+ Qxe8 30. gxf5 Qd7 31. fxg6 hxg6 32. Bg5 Nbd5 33. Bxd5 Nxd5 34.
Ne4 Re8 35. Kg2 Qe6 36. Nd6 Qe2+ 37. Rf2 Qxf3+ 38. Kxf3 Rb8 39. c4 Nc7 40. Rd2
Bf8 41. Ne4 f5 42. Nf6+ Kf7 43. Nd7 Re8 44. Ne5+ Kg7 45. Rg2 Ne6 46. Bh6+ Kxh6
47. Rxg6+ Kh7 48. d5 cxd5 49. cxd5 Nd4+ 50. Kf4 Rxe5 51. Kxe5 Kxg6 52. Kxd4 Bd6 0-1